00886nam a2200241 a 450000100060000000300080000600500170001400800410003103500190007204000270009104100080011808200260012610000430015224500930019526000270028830000290031550000200034465100580036465100520042294200120047499900170048695201410050364922BD-RjUL20211209081352.0250217s1966 enkbcf 001 0 eng  a(BD-RjUL)65052 aDLCcDLCdBD-RjULbeng aeng00a354.541223bREY 19661 aReid, Robert Neil,d1883-1964.919247710aYears of change in Bengal and Assam /cSir Robert Reid, with a foreword by Ian Stephens. aLondon :bBenn,c1966. a170 p. :bill. ;c22 cm. aIncludes index. 0aWest Bengal (India)xPolitics and government.9190851 0aAssam (India)xPolitics and government.9192478 2ddccBK c64922d64922 00102ddc40718NFICaRUCLbRUCLcReadingd1968-11-30eZeitlingerg42.00l0o354.541 REY 1966r2017-02-25 00:00:00tC-1w2017-02-25yBK